مناهج و أساليب تدريس الدراسات الإجتماعية / (رقم التسجيلة. 92937)

تفاصيل مارك
000 -LEADER
fixed length control field 00554nam a22001817a 4500
005 - DATE AND TIME OF LATEST TRANSACTION
control field 20251108172950.0
008 - FIXED-LENGTH DATA ELEMENTS--GENERAL INFORMATION
fixed length control field 250721s1999 xx 000 0 ara d
082 14 - DEWEY DECIMAL CLASSIFICATION NUMBER
Classification number 371.3/منس
100 1# - MAIN ENTRY--PERSONAL NAME
Personal name منسي، حسن عمر
245 10 - TITLE STATEMENT
Title مناهج و أساليب تدريس الدراسات الإجتماعية /
250 ## - EDITION STATEMENT
Edition statement ط 2
264 1# - PRODUCTION, PUBLICATION, DISTRIBUTION, MANUFACTURE, AND COPYRIGHT NOTICE
Place of production, publication, distribution, manufacture اربد :
Name of producer, publisher, distributor, manufacturer دار الكندي للنشر و التوزيع،
Date of production, publication, distribution, manufacture, or copyright notice 1999.
300 ## - PHYSICAL DESCRIPTION
Extent 109 ص
650 17 - SUBJECT ADDED ENTRY--TOPICAL TERM
Topical term or geographic name as entry element المناهج
650 17 - SUBJECT ADDED ENTRY--TOPICAL TERM
Topical term or geographic name as entry element أساليب التدريس
942 ## - ADDED ENTRY ELEMENTS (KOHA)
Source of classification or shelving scheme Dewey Decimal Classification
Koha item type كتب
المقتنيات
حالة السحب حالة الفقدان مصدر التصنيف حالة التلف غير قابل للإعارة المكتبة الرئيسية المكتبة الحالية موقع الرف تاريخ التزويد الرقم المتسلسل Total Checkouts رقم الإستدعاء الباركود تاريخ آخر ظهور تاريخ الفاتورة نوع المادة (كوها)
    Dewey Decimal Classification     المكتبة المركزية المكتبة المركزية الإعارة 28/07/2025 289870   371.3/منس 289870 28/07/2025 28/07/2025 كتب
    Dewey Decimal Classification     مكتبة الأميرة سلمى مكتبة الأميرة سلمى الأطفال 28/07/2025 289872   371.3/منس 289872 28/07/2025 28/07/2025 كتب
    Dewey Decimal Classification     مكتبة الحسن العامة مكتبة الحسن العامة   28/07/2025 289884   371.3/منس   28/07/2025 28/07/2025 كتب
    Dewey Decimal Classification     مكتبة وادي السير العامة مكتبة وادي السير العامة الإعارة 10/04/2016 289889   371.3/منس PLD00385486 28/07/2025 10/04/2016 كتب
Implemented & Customized by: BBB with SCIT (Smart Chains for Information Technology)

Powered by Koha